| 000 | 00687nam a22002297a 4500 | ||
|---|---|---|---|
| 005 | 20170124110100.0 | ||
| 010 | _aA-446925 | ||
| 020 | _c00.00 | ||
| 035 | _aA-446925 | ||
| 037 | _bCen Lib/Ret | ||
| 040 |
_aDPL _bEN |
||
| 082 |
_a973 _bMAN |
||
| 100 |
_aManchester, William _926887 |
||
| 245 |
_aThe death of a president : _cby William Manchester _bNovermber 20-November 25 1963 / |
||
| 260 |
_bMichael Joseph Ltd _aLondon _c1967 |
||
| 270 | _a26, Bloomsburry Street | ||
| 300 |
_a784p. : _c22cm(Hb) _bill. |
||
| 500 | _aIncludes index | ||
| 650 |
_aUnited States -- Death of President _926888 |
||
| 650 |
_aUnited States _926889 |
||
| 942 |
_2ddc _cEN _h973 _mMAN |
||
| 999 |
_c129608 _d129608 |
||